000 00364nam a2200133Ia 4500
008 240624s9999 xx 000 0 und d
041 _aeng
082 _a658.452 ABR
100 _aABRAMS RHONDA
245 _aWINNING PRESENTATION IN A DAY GET IT DON
260 _c2007
_aNew Delhi
_bPrentice-Hall of India
300 _axvii, : 210 : p. : cm. ; 23
365 _cRS
_b35
999 _c5764
_d5764